000 00926cam a2200313 4500
008 090401t1991 xxu||||| |||| 00| 0 eng d
020 _a0112429157
035 _a(Sirsi) u65224
041 _aeng
050 _a630.0212
110 _aMinistry of Agriculture Fisheries and Food
245 _aAgricultural statistics United Kingdom 1989
260 _aLondon
_bHMSO
_c1991
300 _axv,96p. ; 25cm.
350 _a12.5
650 _aCROPS
650 _aFARM LAND
650 _aFARMING
650 _aHORTICULTURE
650 _aPROPERTY-RURAL AND NATURAL ASSETS-AGRICULTURAL PROPERTY-LIVESTOCK
650 _aPRICES
650 _aSTATISTICS
690 _aRURAL PRACTICE
710 _aScottish Office Agriculture and Fisheries Department
_9115
710 _aDepartment of Agriculture for Northern Ireland
_9119
710 _aWelsh Office Agriculture Department
_9126
942 _n0
948 _c04/03/1997
999 _c94745
_d94745